Päť miliónov využijú na Luníku IX pre komunitné centrum a mzdy

Bibliographic Details
Main Author: (sam) (Author)
Format: Article
Language:Slovak
Subjects:

MARC

LEADER 00000nab a2200000 a 4500
001 vtls000933810
003 SK-MaSNL
005 20260304220847.0
008 040720e20040909xo 0 slo
035 |a KE42687 
040 |a KEVKJB  |b slo  |c KEVKJB  |e AACR2 
041 0 |a slo 
044 |a xo  |c SK 
080 |a 282  |2 1981 
080 |a 362.94(=914.99)  |2 1981 
100 0 |a (sam)  |4 aut  |9 872790 
245 1 0 |a Päť miliónov využijú na Luníku IX pre komunitné centrum a mzdy 
650 0 7 |a cirkvi  |2 KEVKJB  |9 22180 
650 0 7 |a pastorácia Rómov  |2 KEVKJB  |9 1303004 
650 0 7 |a Rómovia  |2 KEVKJB  |9 1702 
650 0 7 |a komunitné centrá  |2 KEVKJB  |9 63599 
651 7 |a Luník IX (Košice II, Slovensko)  |2 snkbucl  |9 29376 
651 7 |a Košice (Slovensko)  |2 KEVKJB  |9 18694 
651 7 |a KE,  |2 KEVKJB  |9 877256 
655 7 |a periodikum  |2 snkbucl  |9 29553 
773 0 8 |t Košický denník Korzár  |g Roč. 7, č.209, 9.9.2004, s. 5  |x 1335-4566 
852 |a ZVYKNI  |b KIS3GCP 
999 |c 3154635  |d 3156565